Geomorfología: Formas y rasgos del paisaje - Estadísticas

Estadísticas generales
  • Esta prueba ha sido intentada 36 veces
  • La puntuación promedio es 9 de 24
Estadísticas de respuestas
Imagen Respuesta % Correcto
Volcán
100%
Cueva
84%
Cañón
81%
Duna
78%
Playa
72%
Acantilado
66%
Bahía
56%
Colina
56%
Delta
53%
Llanura aluvial
53%
Drumlin
41%
Atolón
38%
Meseta
31%
Dolina
25%
Artesa glaciar
16%
Movimiento gravitacional
16%
Abanico aluvial
13%
Arista
9%
Montículos
6%
Circo glaciar
3%
Farallón
3%
Lapiaz
3%
Tierras malas
3%
Yardang
0%
No se encontraron pruebas coincidentes
Distribución de puntuación
Porcentaje de gente con cada puntuación
Porcentaje por número respondido
Historial de tus puntuaciones
No has intentado esta prueba.